[Event "COL-chT Blitz"]
[Site "Santa Marta"]
[Date "2022.11.07"]
[Round "6.1"]
[White "Rios, Cristhian Camilo"]
[Black "Mejia Garcia, Michelle"]
[Result "1-0"]
[WhiteElo "2560"]
[BlackElo "1901"]
[PlyCount "21"]
[EventDate "2022.11.07"]
[EventType "team-swiss"]
[EventRounds "9"]
[EventCountry "COL"]
[SourceTitle "CBM 211 Extra"]
[Source "ChessBase"]
[SourceDate "2023.01.31"]
[SourceVersion "1"]
[SourceVersionDate "2023.01.31"]
[SourceQuality "1"]
[WhiteTeam "Risaralda"]
[BlackTeam "Risaralda II"]
[WhiteTeamCountry "COL"]
[BlackTeamCountry "COL"]

1. d4 d5 2. c4 e6 3. Nc3 Nf6 4. cxd5 exd5 5. Bg5 Be7 6. e3 0-0 7. Bd3 c6 8. Qc2 h6 9. Bf4 Be6 10. Nge2 Nbd7 11. h3 1-0

[Event "COL-chT (Women)"]
[Site "Ibague"]
[Date "2017.07.20"]
[Round "4.2"]
[White "Mejia Garcia, Michelle"]
[Black "Velasco, Luz Mariela"]
[Result "0-1"]
[WhiteElo "1867"]
[BlackElo "1664"]
[PlyCount "66"]
[EventDate "2017.07.19"]
[EventType "team-swiss"]
[EventRounds "6"]
[EventCountry "COL"]
[SourceTitle "CBM 179 Extra"]
[Source "ChessBase"]
[SourceDate "2017.08.23"]
[SourceVersion "1"]
[SourceVersionDate "2017.08.23"]
[SourceQuality "1"]
[WhiteTeam "Risaralda (W)"]
[BlackTeam "Boyaca (W)"]
[WhiteTeamCountry "COL"]
[BlackTeamCountry "COL"]

1. e4 c5 2. Nf3 e6 3. d4 cxd4 4. Nxd4 a6 5. a3 Nf6 6. Nc3 Qc7 7. Be2 b5 8. f4 Bb7 9. Bf3 d6 10. g4 Be7 11. Be3 Nfd7 12. g5 Nc6 13. Qd2 Rc8 14. 0-0-0 Na5 15. Be2 Nc4 16. Bxc4 Qxc4 17. Rhe1 Bd8 18. Nb3 Rc6 19. Bd4 0-0 20. f5 e5 21. Bf2 a5 22. h4 b4 23. axb4 axb4 24. Nd5 Qxb3 25. Kb1 Qa4 26. Qd3 Ra6 27. Kc1 Ba5 28. Qb3 Qxb3 29. cxb3 Bxd5 30. Rxd5 Rc8+ 31. Kb1 Kf8 32. Red1 Ke7 33. h5 Rcc6 0-1

[Event "Pereira Forero Cup 2nd"]
[Site "Pereira"]
[Date "2015.04.18"]
[Round "2"]
[White "Restrepo, Jose Hector"]
[Black "Mejia Garcia, Michelle"]
[Result "0-1"]
[WhiteElo "1607"]
[BlackElo "1900"]
[PlyCount "66"]
[EventDate "2015.04.17"]
[EventType "swiss"]
[EventRounds "5"]
[EventCountry "COL"]
[SourceTitle "CBM 166 Extra"]
[Source "ChessBase"]
[SourceDate "2015.06.18"]
[SourceVersion "1"]
[SourceVersionDate "2015.06.18"]
[SourceQuality "1"]

1. e4 c5 2. Nf3 e6 3. d4 cxd4 4. Nxd4 Nf6 5. Nc3 d6 6. Bg5 Be7 7. Qd2 a6 8. Be2 Qc7 9. 0-0-0 Nbd7 10. f3 b5 11. g4 Nb6 12. h4 Bd7 13. Bxf6 gxf6 14. Bd3 Nc4 15. Qe1 b4 16. Nb1 a5 17. Qe2 Rc8 18. Bxc4 Qxc4 19. Qxc4 Rxc4 20. b3 Rc5 21. Nd2 d5 22. exd5 Rxd5 23. Nc4 Bc5 24. Ne2 Bc6 25. Rxd5 Bxd5 26. Rf1 a4 27. Kb2 Ke7 28. Nf4 Bxc4 29. bxc4 Rd8 30. Nd3 Bd4+ 31. Kb1 Bc3 32. Nc5 a3 33. Nb3 h6 0-1

[Event "COL-ch U16 Girls"]
[Site "Bogota"]
[Date "2014.06.01"]
[Round "6"]
[White "Dominguez, Laura Lucia"]
[Black "Mejia Garcia, Michelle"]
[Result "1-0"]
[WhiteElo "1991"]
[BlackElo "1934"]
[PlyCount "26"]
[EventDate "2014.05.29"]
[EventType "swiss"]
[EventRounds "7"]
[EventCountry "COL"]
[SourceTitle "CBM 160 Extra"]
[Source "ChessBase"]
[SourceDate "2014.07.01"]
[SourceVersion "1"]
[SourceVersionDate "2014.07.01"]
[SourceQuality "1"]

1. e4 c5 2. Nf3 e6 3. d4 cxd4 4. Nxd4 a6 5. Nc3 b5 6. Bd3 Qb6 7. Nb3 Bb7 8. a4 bxa4 9. Nxa4 Qc7 10. Be3 Nc6 11. c3 Nf6 12. f4 d6 13. 0-0 Be7 1-0

[Event "COL-ch U18"]
[Site "Cali"]
[Date "2014.04.05"]
[Round "6"]
[White "Ocampo Betancur, Cristina Angela"]
[Black "Mejia Garcia, Michelle"]
[Result "1-0"]
[WhiteElo "1517"]
[BlackElo "1939"]
[PlyCount "30"]
[EventDate "2014.04.03"]
[EventType "swiss"]
[EventRounds "7"]
[EventCountry "COL"]
[SourceTitle "CBM 159 Extra"]
[Source "ChessBase"]
[SourceDate "2014.04.24"]
[SourceVersion "1"]
[SourceVersionDate "2014.04.24"]
[SourceQuality "1"]

1. e4 c5 2. Nf3 e6 3. d4 cxd4 4. Nxd4 Nf6 5. Nc3 d6 6. Be2 Be7 7. 0-0 0-0 8. Re1 a6 9. Be3 Qc7 10. Qd2 Nbd7 11. f4 b5 12. a3 Bb7 13. Bf3 Rac8 14. Rf1 Rfd8 15. Nde2 Qb8 1-0

[Event "COL-ch U18"]
[Site "Cali"]
[Date "2014.04.04"]
[Round "3"]
[White "Mejia Garcia, Michelle"]
[Black "Dominguez, Laura Lucia"]
[Result "1/2-1/2"]
[WhiteElo "1939"]
[BlackElo "1970"]
[PlyCount "48"]
[EventDate "2014.04.03"]
[EventType "swiss"]
[EventRounds "7"]
[EventCountry "COL"]
[SourceTitle "CBM 159 Extra"]
[Source "ChessBase"]
[SourceDate "2014.04.24"]
[SourceVersion "1"]
[SourceVersionDate "2014.04.24"]
[SourceQuality "1"]

1. e4 c5 2. c4 e5 3. Nc3 d6 4. d3 g6 5. Nf3 Bg7 6. Be2 Ne7 7. 0-0 0-0 8. a3 f5 9. b4 b6 10. Rb1 Nbc6 11. b5 Nd4 12. Ne1 Be6 13. Nd5 Nxd5 14. exd5 Bd7 15. f4 e4 16. Bb2 Qe7 17. Nc2 e3 18. Re1 Nxc2 19. Bxg7 Nxe1 20. Bxf8 Rxf8 21. Qxe1 Qf6 22. g3 Qd4 23. a4 h6 24. Qf1 g5 1/2-1/2

[Event "COL-ch U20 Girls"]
[Site "Bogota"]
[Date "2014.03.15"]
[Round "5"]
[White "Mejia Garcia, Michelle"]
[Black "Dominguez, Laura Lucia"]
[Result "1/2-1/2"]
[WhiteElo "1958"]
[BlackElo "1948"]
[PlyCount "67"]
[EventDate "2014.03.13"]
[EventType "swiss"]
[EventRounds "7"]
[EventCountry "COL"]
[SourceTitle "CBM 159 Extra"]
[Source "ChessBase"]
[SourceDate "2014.04.24"]
[SourceVersion "1"]
[SourceVersionDate "2014.04.24"]
[SourceQuality "1"]

1. e4 c5 2. c4 g6 3. Nf3 Nc6 4. d4 cxd4 5. Nxd4 Nf6 6. Nc3 Nxd4 7. Qxd4 d6 8. Be3 Bg7 9. Be2 0-0 10. Qd2 a5 11. 0-0 a4 12. f3 Bd7 13. b4 axb3 14. axb3 Qc7 15. Bd4 Bc6 16. Rfe1 Rfc8 17. Qe3 Nd7 18. Bxg7 Kxg7 19. f4 Qb6 20. Qxb6 Nxb6 21. Nd5 Nxd5 22. exd5 Bd7 23. Bd3 Kf8 24. g3 h6 25. Kg2 Rcb8 26. Rec1 Rxa1 27. Rxa1 b5 28. Ra7 bxc4 29. Bxc4 Bb5 30. Ra2 Kg7 31. Re2 Kf6 32. g4 Bxc4 33. bxc4 Rb4 34. Rc2 1/2-1/2

[Event "COL-ch U20 Girls"]
[Site "Bogota"]
[Date "2014.03.15"]
[Round "6"]
[White "Salcedo, Jackeline"]
[Black "Mejia Garcia, Michelle"]
[Result "1-0"]
[WhiteElo "1912"]
[BlackElo "1958"]
[PlyCount "65"]
[EventDate "2014.03.13"]
[EventType "swiss"]
[EventRounds "7"]
[EventCountry "COL"]
[SourceTitle "CBM 159 Extra"]
[Source "ChessBase"]
[SourceDate "2014.04.24"]
[SourceVersion "1"]
[SourceVersionDate "2014.04.24"]
[SourceQuality "1"]

1. c4 e6 2. Nc3 d5 3. d4 Nf6 4. cxd5 exd5 5. Bg5 Be7 6. e3 c6 7. Bd3 g6 8. Qc2 0-0 9. Nf3 Nh5 10. Bxe7 Qxe7 11. 0-0 Ng7 12. Rab1 a5 13. a3 Bf5 14. Bxf5 Nxf5 15. b4 axb4 16. axb4 Nd7 17. Na4 Nd6 18. Nc5 Nb6 19. Ra1 Ne4 20. Ne5 f6 21. Ned3 Kg7 22. Nf4 Nxc5 23. Qxc5 Qxc5 24. bxc5 Nc4 25. Ne6+ Kf7 26. Nxf8 Rxf8 27. Ra7 Rb8 28. Rb1 Ke6 29. Rbxb7 Rxb7 30. Rxb7 h5 31. g3 Kf5 32. Rb6 Na5 33. Ra6 1-0

[Event "COL-ch U15 Girls"]
[Site "Pereira"]
[Date "2013.11.22"]
[Round "4.2"]
[White "Mejia Garcia, Michelle"]
[Black "Velasquez, Angie Gabriela"]
[Result "1-0"]
[WhiteElo "1961"]
[BlackElo "1768"]
[PlyCount "45"]
[EventDate "2013.11.21"]
[EventType "swiss"]
[EventRounds "5"]
[EventCountry "COL"]
[SourceTitle "EXT 2024"]
[Source "ChessBase"]
[SourceDate "2023.10.10"]
[SourceVersion "1"]
[SourceVersionDate "2023.10.10"]
[SourceQuality "1"]

1. e4 c5 2. Nf3 d6 3. d4 cxd4 4. Nxd4 Nf6 5. Nc3 g6 6. f3 Bg7 7. Be3 0-0 8. Bc4 Bd7 9. Qd2 Nc6 10. 0-0-0 Rc8 11. Bb3 Ne5 12. Kb1 e6 13. h4 h5 14. g4 hxg4 15. h5 gxh5 16. Bh6 Ng6 17. Rdg1 a6 18. Qg5 b5 19. Nf5 exf5 20. Qxg6 Ne8 21. Bxg7 Be6 22. Bxe6 fxe6 23. Bf6+ 1-0

[Event "COL-ch U15 Girls"]
[Site "Pereira"]
[Date "2013.11.21"]
[Round "2.1"]
[White "Cardona Martinez, Lina Sofia"]
[Black "Mejia Garcia, Michelle"]
[Result "1-0"]
[WhiteElo "1818"]
[BlackElo "1961"]
[PlyCount "107"]
[EventDate "2013.11.21"]
[EventType "swiss"]
[EventRounds "5"]
[EventCountry "COL"]
[SourceTitle "EXT 2024"]
[Source "ChessBase"]
[SourceDate "2023.10.10"]
[SourceVersion "1"]
[SourceVersionDate "2023.10.10"]
[SourceQuality "1"]

1. e4 c5 2. Nf3 Nc6 3. Nc3 Nf6 4. a4 d6 5. d4 cxd4 6. Nxd4 e6 7. Be3 Be7 8. Nb3 b6 9. Bd3 Bb7 10. 0-0 d5 11. exd5 Nxd5 12. Nxd5 Qxd5 13. Bb5 Qxd1 14. Rfxd1 Bf6 15. c3 0-0 16. Rd7 Rab8 17. Bxc6 Bxc6 18. Rxa7 b5 19. a5 b4 20. Nd4 Bd5 21. Rc7 bxc3 22. bxc3 Ra8 23. a6 Be5 24. Rc5 Rfb8 25. f4 Bd6 26. Rb5 Rc8 27. Bd2 Ra7 28. Rba5 Bc5 29. Be3 Bc4 30. Rxc5 Rxc5 31. Nxe6 fxe6 32. Bxc5 Rxa6 33. Rxa6 Bxa6 34. Kf2 Kf7 35. Ke3 Kf6 36. Kd4 h6 37. Bd6 g5 38. c4 h5 39. fxg5+ Kxg5 40. c5 Bb7 41. Ke5 Bd5 42. Be7+ Kg4 43. h4 Kg3 44. Kd6 Bxg2 45. Kxe6 Kf4 46. Kd6 Ke4 47. c6 Bh3 48. c7 Bc8 49. Bg5 Kf5 50. Ke7 Bb7 51. Kd8 Kg6 52. c8Q Bxc8 53. Kxc8 Kf7 54. Kd7 1-0

[Event "COL-ch U14 Girls"]
[Site "Medellin"]
[Date "2013.04.26"]
[Round "4"]
[White "Gomez Guardo, Laura Melissa"]
[Black "Mejia Garcia, Michelle"]
[Result "0-1"]
[WhiteElo "1830"]
[BlackElo "1988"]
[PlyCount "104"]
[EventDate "2013.04.26"]
[EventType "swiss"]
[EventRounds "7"]
[EventCountry "COL"]
[SourceTitle "EXT 2015"]
[Source "ChessBase"]
[SourceDate "2014.11.20"]
[SourceVersion "1"]
[SourceVersionDate "2014.11.20"]
[SourceQuality "1"]

1. d4 Nf6 2. c4 e6 3. Nc3 d5 4. e3 Be7 5. Nf3 0-0 6. Bd2 b6 7. a3 c5 8. cxd5 Nxd5 9. Be2 Bb7 10. 0-0 Nc6 11. Rc1 Rc8 12. dxc5 Bxc5 13. b4 Be7 14. Ne4 a6 15. Ng3 Bf6 16. Qb3 Ne5 17. Ne4 Qe7 18. Nxf6+ Qxf6 19. Nxe5 Qxe5 20. Bf3 Rfd8 21. e4 Nf4 22. Bxf4 Qxf4 23. Rxc8 Rxc8 24. Qd3 Qc7 25. h3 b5 26. Rd1 g6 27. Qd7 e5 28. Qxc7 Rxc7 29. Rd3 Kf8 30. Kf1 Ke7 31. Ke2 Rc2+ 32. Ke3 h5 33. g3 Rc4 34. h4 f5 35. Be2 Bxe4 36. Rb3 Rc1 37. f4 Rg1 38. Kf2 Rg2+ 39. Kf1 exf4 40. gxf4 Rh2 41. Rc3 Kd7 42. Rg3 Rxh4 43. Rxg6 Rxf4+ 44. Ke1 h4 45. Rh6 Bc6 46. Kd2 a5 47. bxa5 Ra4 48. Rh7+ Kd6 49. Rh6+ Kc5 50. Rh5 Be4 51. Rxh4 Rxa3 52. Rh8 Rxa5 0-1

[Event "COL-ch U14 Girls"]
[Site "Medellin"]
[Date "2013.04.26"]
[Round "6"]
[White "Mejia Garcia, Michelle"]
[Black "Argote Heredia, Valentina"]
[Result "1/2-1/2"]
[WhiteElo "1988"]
[BlackElo "1836"]
[PlyCount "30"]
[EventDate "2013.04.26"]
[EventType "swiss"]
[EventRounds "7"]
[EventCountry "COL"]
[SourceTitle "EXT 2015"]
[Source "ChessBase"]
[SourceDate "2014.11.20"]
[SourceVersion "1"]
[SourceVersionDate "2014.11.20"]
[SourceQuality "1"]

1. e4 c5 2. Nf3 d6 3. d4 cxd4 4. Nxd4 Nf6 5. Nc3 a6 6. Be2 e6 7. a4 Qc7 8. a5 Nc6 9. Nb3 Ne5 10. 0-0 Bd7 11. Be3 Rc8 12. Bb6 Qb8 13. f4 Nc4 14. Bxc4 Rxc4 15. Qd3 Qc8 1/2-1/2

[Event "Central Region-ch U14"]
[Site "Dosquebradas"]
[Date "2013.03.23"]
[Round "4.1"]
[White "Walteros, Juan Diego"]
[Black "Mejia Garcia, Michelle"]
[Result "1-0"]
[WhiteElo "1410"]
[BlackElo "1988"]
[PlyCount "47"]
[EventDate "2013.03.22"]
[EventType "swiss"]
[EventRounds "6"]
[EventCountry "COL"]
[SourceTitle "EXT 2024"]
[Source "ChessBase"]
[SourceDate "2023.10.10"]
[SourceVersion "1"]
[SourceVersionDate "2023.10.10"]
[SourceQuality "1"]

1. e4 c5 2. Nf3 e6 3. d4 cxd4 4. Nxd4 Nf6 5. Nc3 d6 6. Be3 Be7 7. Bd3 a6 8. f4 b5 9. a3 Bb7 10. 0-0 Nbd7 11. b4 Qc7 12. Bd2 Rc8 13. Qe2 0-0 14. Rfe1 Rfd8 15. Nb3 Re8 16. Na5 Ba8 17. Kh1 Nb6 18. Qf3 d5 19. e5 d4 20. Qh3 dxc3 21. exf6 Bxf6 22. Qxh7+ Kf8 23. Be3 Nd5 24. Bc5+ 1-0

[Event "Latin Cup-B U14 3rd"]
[Site "Cali"]
[Date "2012.10.08"]
[Round "8"]
[White "Mejia Garcia, Michelle"]
[Black "Rodriguez, Sofia"]
[Result "1/2-1/2"]
[WhiteElo "1995"]
[BlackElo "1823"]
[PlyCount "51"]
[EventDate "2012.10.04"]
[EventType "swiss"]
[EventRounds "9"]
[EventCountry "COL"]
[SourceTitle "EXT 2013"]
[Source "ChessBase"]
[SourceDate "2012.11.22"]
[SourceVersion "1"]
[SourceVersionDate "2012.11.22"]
[SourceQuality "1"]

1. e4 c5 2. Nf3 Nc6 3. d4 cxd4 4. Nxd4 g6 5. c4 Bg7 6. Be3 Nf6 7. Nc3 d6 8. Be2 0-0 9. Qd2 Nxd4 10. Bxd4 Bd7 11. f4 Bc6 12. Bf3 Re8 13. 0-0 Nd7 14. Bxg7 Kxg7 15. Rae1 Qa5 16. Qe3 Qb6 17. Qxb6 Nxb6 18. b3 Rac8 19. Bg4 Bd7 20. Bxd7 Nxd7 21. Nd5 Nf6 22. h3 Rc5 23. Nxf6 Kxf6 24. Rf2 Kg7 25. Rd2 Rec8 26. Kf2 1/2-1/2

[Event "South Region-ch U14 Girls"]
[Site "Neiva"]
[Date "2012.05.21"]
[Round "7.2"]
[White "Valencia Lopez, Daily Vanessa"]
[Black "Mejia Garcia, Michelle"]
[Result "0-1"]
[WhiteElo "1399"]
[BlackElo "1998"]
[PlyCount "38"]
[EventDate "2012.04.28"]
[EventType "tourn"]
[EventRounds "7"]
[EventCountry "COL"]
[SourceTitle "EXT 2024"]
[Source "ChessBase"]
[SourceDate "2023.10.10"]
[SourceVersion "1"]
[SourceVersionDate "2023.10.10"]
[SourceQuality "1"]

1. e4 c5 2. Nf3 e6 3. d4 cxd4 4. Nxd4 Nf6 5. Bd3 Nc6 6. Nxc6 bxc6 7. 0-0 Qc7 8. c4 d5 9. Nd2 Bd6 10. h3 0-0 11. Qe2 Re8 12. Re1 e5 13. b3 d4 14. Qf3 Bb4 15. Re2 Qa5 16. a3 Bc3 17. Rb1 c5 18. Qg3 Nh5 19. Qg5 Nf4 0-1

[Event "South Region-ch U18 Girls"]
[Site "Cali"]
[Date "2012.04.20"]
[Round "2.1"]
[White "Dominguez, Laura Lucia"]
[Black "Mejia Garcia, Michelle"]
[Result "1/2-1/2"]
[WhiteElo "1933"]
[BlackElo "1985"]
[PlyCount "40"]
[EventDate "2012.04.19"]
[EventType "swiss"]
[EventRounds "5"]
[EventCountry "COL"]
[SourceTitle "EXT 2024"]
[Source "ChessBase"]
[SourceDate "2023.10.10"]
[SourceVersion "1"]
[SourceVersionDate "2023.10.10"]
[SourceQuality "1"]

1. e4 c5 2. Nf3 e6 3. d4 cxd4 4. Nxd4 Nf6 5. Nc3 Nc6 6. g3 d5 7. exd5 Nxd5 8. Bg2 Bb4 9. 0-0 Bxc3 10. Nxc6 bxc6 11. bxc3 Ba6 12. Re1 0-0 13. Bb2 Rb8 14. Rb1 Bc4 15. Qg4 Bxa2 16. c4 Nf6 17. Bxf6 Qxf6 18. Rxb8 Rxb8 19. Bxc6 Qc3 20. Rd1 Qxc4 1/2-1/2

[Event "South Region-ch U18 Girls"]
[Site "Cali"]
[Date "2012.04.19"]
[Round "1.1"]
[White "Mejia Garcia, Michelle"]
[Black "Camacho, Lina Marcela"]
[Result "1-0"]
[WhiteElo "1985"]
[BlackElo "1759"]
[PlyCount "65"]
[EventDate "2012.04.19"]
[EventType "swiss"]
[EventRounds "5"]
[EventCountry "COL"]
[SourceTitle "EXT 2024"]
[Source "ChessBase"]
[SourceDate "2023.10.10"]
[SourceVersion "1"]
[SourceVersionDate "2023.10.10"]
[SourceQuality "1"]

1. e4 c5 2. Nf3 e6 3. d4 cxd4 4. Nxd4 a6 5. Bd3 d5 6. exd5 Qxd5 7. Nf3 Qd8 8. Nc3 Nf6 9. a3 Be7 10. Be3 Nc6 11. h3 b5 12. Qe2 Bb7 13. 0-0-0 b4 14. axb4 0-0 15. Bxh7+ Nxh7 16. Rxd8 Rfxd8 17. Bc5 a5 18. Bxe7 Nxe7 19. b5 Nf6 20. Rd1 Ned5 21. Nxd5 Nxd5 22. c4 Rac8 23. g3 Re8 24. Kb1 Nb6 25. Rc1 Bxf3 26. Qxf3 Nxc4 27. Qc3 Nb6 28. Qxa5 Rxc1+ 29. Kxc1 Rc8+ 30. Kb1 Nc4 31. Qa6 Nd2+ 32. Ka2 Rb8 33. b3 1-0

[Event "Valle Region-ch (Women)"]
[Site "Cali"]
[Date "2012.03.18"]
[Round "5.5"]
[White "Viveros, Mariana Yibeth"]
[Black "Mejia Garcia, Michelle"]
[Result "0-1"]
[WhiteElo "1683"]
[BlackElo "1985"]
[PlyCount "72"]
[EventDate "2012.03.16"]
[EventType "swiss"]
[EventRounds "7"]
[EventCountry "COL"]
[SourceTitle "EXT 2024"]
[Source "ChessBase"]
[SourceDate "2023.10.10"]
[SourceVersion "1"]
[SourceVersionDate "2023.10.10"]
[SourceQuality "1"]

1. e4 c5 2. Nf3 e6 3. d4 cxd4 4. Nxd4 Nc6 5. Nc3 Nf6 6. Be3 Bb4 7. Bd3 d5 8. Nxc6 bxc6 9. exd5 Bxc3+ 10. bxc3 cxd5 11. Rb1 0-0 12. Bg5 h6 13. Bxf6 Qxf6 14. Qd2 Rd8 15. 0-0 a5 16. Rb2 Bd7 17. Rfb1 Rdc8 18. Rb3 a4 19. Ra3 Rab8 20. Rxb8 Rxb8 21. h3 Rb1+ 22. Kh2 Qe7 23. Bh7+ Kxh7 24. Qd3+ Kg8 25. c4 dxc4 26. Qf3 Qd6+ 27. Qg3 Qxg3+ 28. Rxg3 Rb2 29. Rc3 Rxa2 30. Rxc4 a3 31. Rc3 Ra1 32. Kg3 a2 33. Ra3 Bb5 34. Ra8+ Kh7 35. Ra5 Bc4 36. Rc5 Rc1 0-1

[Event "Valle Region-ch (Women)"]
[Site "Cali"]
[Date "2012.03.17"]
[Round "3.2"]
[White "Aguilar, Natalia Andrea"]
[Black "Mejia Garcia, Michelle"]
[Result "1-0"]
[WhiteElo "1932"]
[BlackElo "1985"]
[PlyCount "61"]
[EventDate "2012.03.16"]
[EventType "swiss"]
[EventRounds "7"]
[EventCountry "COL"]
[SourceTitle "EXT 2024"]
[Source "ChessBase"]
[SourceDate "2023.10.10"]
[SourceVersion "1"]
[SourceVersionDate "2023.10.10"]
[SourceQuality "1"]

1. d4 d5 2. Nf3 Nf6 3. Bf4 Bf5 4. e3 e6 5. h3 Nbd7 6. Be2 Bb4+ 7. c3 Be7 8. 0-0 0-0 9. Ne5 Nxe5 10. dxe5 Nd7 11. Nd2 c5 12. Nf3 c4 13. b4 cxb3 14. axb3 Nc5 15. Nd4 Bg6 16. f3 Bg5 17. b4 Bxf4 18. exf4 Nd7 19. Nb5 a6 20. Nd6 Qc7 21. Qd4 b5 22. Ra2 Qc6 23. Rfa1 h6 24. Kh2 f6 25. g3 Rfd8 26. h4 fxe5 27. fxe5 Nxe5 28. Qxe5 Rxd6 29. Bxb5 Qb6 30. Kg2 Rdd8 31. Bxa6 1-0

[Event "Cali Region-ch U14 Girls"]
[Site "Cali"]
[Date "2012.03.11"]
[Round "7.1"]
[White "Viveros Torres, Erica Johana"]
[Black "Mejia Garcia, Michelle"]
[Result "0-1"]
[WhiteElo "1535"]
[BlackElo "1985"]
[PlyCount "34"]
[EventDate "2012.03.09"]
[EventType "swiss"]
[EventRounds "7"]
[EventCountry "COL"]
[SourceTitle "EXT 2024"]
[Source "ChessBase"]
[SourceDate "2023.10.10"]
[SourceVersion "1"]
[SourceVersionDate "2023.10.10"]
[SourceQuality "1"]

1. e4 c5 2. Nf3 e6 3. d4 cxd4 4. Qxd4 Nc6 5. Qc3 Bb4 6. Bd2 Bxc3 7. Bxc3 Nf6 8. Nbd2 0-0 9. Be2 d5 10. exd5 Nxd5 11. Be5 Nxe5 12. Nxe5 Qc7 13. Nec4 b5 14. Na3 a6 15. c3 Nxc3 16. bxc3 Qxc3 17. 0-0 Qxd2 0-1

[Event "Cali Primer Valle (Women)"]
[Site "Cali"]
[Date "2012.02.12"]
[Round "6.1"]
[White "Mejia Garcia, Michelle"]
[Black "Garcia, Lucia Johanna"]
[Result "1-0"]
[WhiteElo "2008"]
[BlackElo "1600"]
[PlyCount "31"]
[EventDate "2012.02.10"]
[EventType "swiss"]
[EventRounds "7"]
[EventCountry "COL"]
[SourceTitle "EXT 2024"]
[Source "ChessBase"]
[SourceDate "2023.10.10"]
[SourceVersion "1"]
[SourceVersionDate "2023.10.10"]
[SourceQuality "1"]

1. e4 e5 2. Nf3 Nf6 3. Nc3 d6 4. Bc4 Bg4 5. h3 Bh5 6. d3 h6 7. Be3 Nc6 8. 0-0 Qe7 9. Bb5 Bg4 10. hxg4 Nxg4 11. Nd5 Qd8 12. g3 h5 13. Nh4 Be7 14. Nf5 0-0 15. Bxc6 bxc6 16. Ndxe7+ 1-0